00329nam a2200121Ia 4500008004100000041000800041082002200049100001900071245004400090260002900134300003200163365001200195240624s9999 xx 000 0 und d aeng a338.470040973 ART aARTHUR CHARLES aDIGITAL WARS APPLE GOOGLE MICROSOFT AND c2014aLondonbKogan Page aviii, : 335 : p. : cm. ; 21 cGBPb30